|
|
|
|
| LEADER |
00000naa2a2200000 4500 |
| 001 |
631446 |
| 005 |
20231102024531.0 |
| 035 |
|
|
|a (RuTPU)RU\TPU\conf\33147
|
| 035 |
|
|
|a RU\TPU\conf\33140
|
| 090 |
|
|
|a 631446
|
| 100 |
|
|
|a 20200903d2020 k y0rusy50 ca
|
| 101 |
0 |
|
|a rus
|
| 102 |
|
|
|a RU
|
| 105 |
|
|
|a y z 100zy
|
| 135 |
|
|
|a drcn ---uucaa
|
| 181 |
|
0 |
|a i
|
| 182 |
|
0 |
|a b
|
| 200 |
1 |
|
|a Лабораторное исследование влияния степени катагенеза органического вещества на технологические параметры проведения внутрипластового пиролиза с целью повышения нефтеотдачи пород баженовской свиты
|f А. С. Мазурова [и др.]
|
| 203 |
|
|
|a Текст
|c электронный
|
| 225 |
1 |
|
|a Современные технологии разработки нефтяных и газовых месторождений
|
| 230 |
|
|
|a 1 компьютерный файл (pdf; 1 404 Kb)
|
| 300 |
|
|
|a Заглавие с экрана
|
| 320 |
|
|
|a [Библиогр.: с. 105-106 (7 назв.)]
|
| 461 |
|
1 |
|0 (RuTPU)RU\TPU\conf\32983
|t Проблемы геологии и освоения недр
|l Problems of Geology and Subsurface Development
|o труды XXIV Международного симпозиума имени академика М. А. Усова студентов и молодых учёных, посвященного 75-летию Победы в Великой Отечественной войне, Томск, 6-10 апреля 2020 г.
|o в 2 т.
|f Национальный исследовательский Томский политехнический университет, Инженерная школа природных ресурсов ; гл. ред. А. С. Боев ; под ред. Е. Ю. Пасечник
|d 2020
|
| 463 |
|
1 |
|0 (RuTPU)RU\TPU\conf\32985
|t Т. 2
|v [С. 104-106]
|d 2020
|
| 610 |
1 |
|
|a труды учёных ТПУ
|
| 610 |
1 |
|
|a электронный ресурс
|
| 610 |
1 |
|
|a лабораторные исследования
|
| 610 |
1 |
|
|a катагенез
|
| 610 |
1 |
|
|a органические вещества
|
| 610 |
1 |
|
|a технологические параметры
|
| 610 |
1 |
|
|a пиролиз
|
| 610 |
1 |
|
|a нефтеотдача
|
| 610 |
1 |
|
|a баженовская свита
|
| 701 |
|
1 |
|a Мазурова
|b А. С.
|
| 701 |
|
1 |
|a Субботина
|b М. В.
|
| 701 |
|
1 |
|a Горшков
|b А. М.
|
| 701 |
|
1 |
|a Хомяков
|b И. С.
|c специалист в области нефтегазового дела
|c старший преподаватель Томского политехнического университета, кандидат химических наук
|f 1988-
|g Иван Сергеевич
|2 stltpush
|3 (RuTPU)RU\TPU\pers\30473
|
| 712 |
0 |
2 |
|a Национальный исследовательский Томский политехнический университет
|c (2009- )
|2 stltpush
|3 (RuTPU)RU\TPU\col\15902
|9 26305
|
| 801 |
|
2 |
|a RU
|b 63413507
|c 20200925
|g RCR
|
| 856 |
4 |
|
|u http://earchive.tpu.ru/handle/11683/62922
|
| 942 |
|
|
|c BK
|